000
00239nam a2200097Ia 4500
001
687859
005
20250826161604.0
008
250824s9999 xx 000 0 und d
245
0
_a
HAVAYA UÇAN AT
_c
PEYAMİ SAFA
260
_b
AKVARYUM YAYINLARI
999
_c
687859
_d
687859